|
|
|
|
| LEADER |
00000nam0a2200000 4500 |
| 001 |
359465 |
| 005 |
20231102011207.0 |
| 035 |
|
|
|a (RuTPU)RU\TPU\retro\16745
|
| 090 |
|
|
|a 359465
|
| 100 |
|
|
|a 20201030d1959 k y0rusy50 ba
|
| 101 |
0 |
|
|a eng
|
| 102 |
|
|
|a NL
|
| 105 |
|
|
|a y z 000zy
|
| 200 |
1 |
|
|a Withdrawal of a beam of acccelerated electrons out of the chamber of a cyclical accelerator without the application of a lead-out device
|f А. А. Vorobyev, L. S. Sokolov
|
| 210 |
|
|
|a North Holland
|c North-Holland Publishing Co
|d 1959
|
| 215 |
|
|
|a P. 337-338
|
| 225 |
1 |
|
|a Nuclear instruments and methods
|v 5
|
| 316 |
|
|
|5 63413507: ШкА2/6181
|a На с. 337 дарственная надпись: "Научно-технической библиотеке Томского политехническо ин-та. Томск. 29.2.60. А. Воробьев"
|
| 320 |
|
|
|a Библиогр. в примеч.
|
| 541 |
1 |
|
|a Вывод пучка ускоренных электронов из камеры циклического ускорителя без применения выводного устройства
|z rus
|
| 606 |
1 |
|
|a Ядерная энергетика
|2 stltpush
|3 (RuTPU)RU\TPU\subj\21570
|9 46534
|
| 610 |
1 |
|
|a электроны
|
| 610 |
1 |
|
|a циклические ускорители
|
| 610 |
1 |
|
|a электронные пучки
|
| 610 |
1 |
|
|a вывод
|
| 610 |
1 |
|
|a выводные устройства
|
| 610 |
1 |
|
|a приборы
|
| 610 |
1 |
|
|a методы
|
| 610 |
1 |
|
|a бетатроны
|
| 610 |
1 |
|
|a синхротроны
|
| 610 |
1 |
|
|a электрические поля
|
| 610 |
1 |
|
|a энергия
|
| 610 |
1 |
|
|a уравнения
|
| 610 |
1 |
|
|a решения
|
| 610 |
1 |
|
|a расчеты
|
| 610 |
1 |
|
|a формулы
|
| 610 |
1 |
|
|a английский язык
|
| 610 |
1 |
|
|a коллекция ТПУ
|
| 610 |
1 |
|
|a труды учёных ТПУ
|
| 610 |
1 |
|
|a оттиски
|
| 610 |
1 |
|
|a дарственные надписи
|
| 610 |
1 |
|
|a дары автора
|
| 610 |
1 |
|
|a дары библиотеке
|
| 675 |
|
|
|a 621.039
|v 4
|
| 700 |
|
1 |
|a Vorobyev
|b А. А.
|c Russian physicist
|c Rector of the TPU, professor
|f 1909-1981
|g Alexander Akimovich
|x TPU
|2 stltpush
|3 (RuTPU)RU\TPU\pers\25148
|
| 701 |
|
1 |
|a Sokolov
|b L. S.
|
| 801 |
|
1 |
|a RU
|b 63413507
|c 20201030
|
| 942 |
|
|
|c BK
|